Mister /

Poutavá romance známé spisovatelky se odehrává v současném Londýně. Je to milostný příběh plný vášně, ale také napětí, strachu a boje o život.

Main Author: James, E. L., 1963-
Other Authors: Gergelyová, Marta, 1966-
Language: Slovak
Published: Praha : Baronet, 2019
Edition: Prvé vydanie
Physical Description: 502 stran ; 22 cm
Language note: Slovenský text
Book
Saved in:
LEADER 02442nam a2200481 i 4500
001 nkc20193159083
003 CZ PrNK
005 20200130151102.0
007 ta
008 191114s2019 xr g 000 f slo
015 |a cnb003159083 
020 |a 978-80-269-1225-5  |q (vázáno) 
035 |a (OCoLC)1140090236 
040 |a ABG001  |b cze  |e rda 
041 1 |a slo  |h eng 
072 7 |a 821.111-3  |x Anglická próza, anglicky psaná  |2 Konspekt  |9 25 
080 |a 821.111-31  |2 MRF 
080 |a (0:82-312.5)  |2 MRF 
080 |a (0:82-31)-055.2  |2 MRF 
100 1 |a James, E. L.,  |d 1963-  |7 kv2012723230  |4 aut 
240 1 0 |a Mister.  |l Slovensky 
245 1 0 |a Mister /  |c E.L. James ; preložila: Marta Gergelyová 
250 |a Prvé vydanie 
264 1 |a Praha :  |b Baronet,  |c 2019 
300 |a 502 stran ;  |c 22 cm 
336 |a text  |b txt  |2 rdacontent 
337 |a bez média  |b n  |2 rdamedia 
338 |a svazek  |b nc  |2 rdacarrier 
500 |a Přeloženo z angličtiny 
520 2 |a Poutavá romance známé spisovatelky se odehrává v současném Londýně. Je to milostný příběh plný vášně, ale také napětí, strachu a boje o život.  |b Londýn, 2019. Maxim Trevelyan vede bezstarostný život. Je pohledný, má konexe v aristokratických kruzích a peníze. Nikdy nemusel pracovat a zřídka spí sám. Vše se ale mění vlivem nešťastné události, po které Maxim zdědí šlechtický titul, bohatství a nemovitosti, avšak také veškerou související zodpovědnost. Na tuto roli není připraven a zdráhá se jí zhostit. Daleko větší výzvu však pro něj představuje potlačování touhy po záhadné mladé ženě, která nevlastní o mnoho víc než nebezpečnou a vtíravou minulost a teprve nedávno se přistěhovala do Anglie. Kdo je Alessia Demachi? Dokáže ji Maxim ochránit před zlobou, která ji pronásleduje? Nakladatelská anotace. Kráceno. 
546 |a Slovenský text 
655 7 |a anglické romány  |7 fd131814  |2 czenas 
655 7 |a milostné romány  |7 fd132840  |2 czenas 
655 7 |a romány pro ženy  |7 fd187897  |2 czenas 
655 9 |a English fiction  |2 eczenas 
655 9 |a love novels  |2 eczenas 
655 9 |a women's novels  |2 eczenas 
700 1 |a Gergelyová, Marta,  |d 1966-  |7 jo2016926470  |4 trl 
910 2 |a BOA001  |b 2-1438.468 
990 |a BK 
995 |a 01 
991 |b 201911  |c NOV 
996 6 |b 2610806149  |c 2-1438.468  |l MZK  |r Sklad / do 1 hodiny  |n 0  |p p.v.  |w 001768305  |u 000010  |a 1  |e BOA001  |j MZK50  |s P